| 000 | 01164nam a22003377a 4500 | ||
|---|---|---|---|
| 003 | CHAP | ||
| 005 | 20220817042131.0 | ||
| 008 | 971013s1984 r 00010 d | ||
| 010 | _a35651 | ||
| 011 | _a36623 | ||
| 035 | _a40742 | ||
| 040 | _cCHAP | ||
| 082 |
_a631.47 _bF34 |
||
| 110 | _aFAO | ||
| 245 |
_aCapacidades potenciales de carga demográfica de las tierras del mundo en desarrollo _b: informe técnico del proyecto INT _c/ 75, P13 recurso de tierras para poblaciones del futuro |
||
| 260 |
_aRoma : _bFAO, _c1984 |
||
| 300 |
_a140 p. _b: 14 mapas ; gráfs. |
||
| 500 | _aContiene 14 mapas suelos | ||
| 590 |
_aBATCH-UPD _b10 _c20130110 _lUCH01 _h1853 |
||
| 590 |
_aBATCH-UPD _b10 _c20130410 _lUCH01 _h1221 |
||
| 590 |
_aBATCH-UPD _b10 _c20130914 _lUCH01 _h1118 |
||
| 590 |
_aCONVERSION _b10 _c20130109 _lUCH01 _h1320 |
||
| 650 | 1 | 4 |
_aCultivos _xRendimiento. _930318 |
| 650 | 1 | 4 |
_aPoblación. _989360 |
| 650 | 1 | 4 |
_aTierras _xEvaluación. _9113113 |
| 700 | 0 |
_aHiggins, G. M. _955317 |
|
| 901 | _aBK | ||
| 942 | _cLIBRO | ||
| 949 |
_a631.47 F34 _bBC _cFAO _d-93145 _eFAO1 _h66346 _i40742 _si |
||
| 949 |
_a631.47 F34 _bBC _cFAO _d-93146 _eFAO1 _fc.2 _h70156 _i40742 _si |
||
| 999 |
_c35651 _d35651 |
||